|
|
|
|
| LEADER |
00639nam a2200193 a 4500 |
| 001 |
000598355 |
| 003 |
CZ BrMZK |
| 005 |
20030624113649.0 |
| 008 |
020503s1901 xr f cze d |
| 040 |
|
|
|a BOA001
|b cze
|c BOA001
|
| 100 |
1 |
|
|a Pelikán, Jan,
|d 1855-1928
|7 jk01092451
|4 com
|
| 245 |
1 |
0 |
|a Výbor z literatury, doba stará /
|c za učebnou knihu škol středních upravil Jan Pelikán
|
| 250 |
|
|
|a 2. vyd.
|
| 260 |
|
|
|a Praha :
|b Bursík a Kohout,
|c 1901
|
| 300 |
|
|
|a 253 s.
|
| 910 |
|
|
|a BOA001
|b PK-II-0007.817
|
| 990 |
|
|
|a BK
|
| 993 |
|
|
|a Y
|
| 996 |
6 |
|
|b 3119671545
|c PK-II-0007.817
|l MZK
|r Sklad / do 1 hodiny
|n 1
|w 000598355
|u 000010
|a 1
|e BOA001
|j MZK50
|s P
|